000
00292cam a2200109ua 4500
082
_a
828.09
_b
BEH/AM
100
_a
Behaver, Harold .
_9
1835
245
_a
American Critical Essays: Twentieth Century /
260
_a
London :
_b
Oxford University Press ,
_c
1961.
300
_a
364 ; .
942
_c
BK
999
_c
3754
_d
3754